02419nam a2200361 i 4500001000700000003000700007005001700014007000300031008004100034017005000075020001800125035001300143040003900156080003500195080003800230100005200268245008800320250003700408264004500445300007000490336002200560337003000582338002400612500001300636520091500649600004701564655002901611700003701640852016301677942001801840999001901858952018001877193188SpMaBN20250719025403.0ta230930s2022 sp a | |||| 000 0aspa  aM 25507-2022bOficina Depósito Legal Madrid a9788413844701 aa7198154 aSpMaBNbspacSpMaBNerdadEs-MaACL a929 Ruiz de la Prada, Ágatha a687.01 Ruiz de la Prada, Ágatha1 aRuiz de la Prada, Ágatha,d1960-eaut923428410aMi historia /cÁgatha Ruiz de la Prada ; con la colaboración de Pedro Narváez aTercera edición: enero de 2023 1aMadrid :bLa Esfera de los Libros,c2023 a323 páginas, 40 páginas de láminas (color y negro) ;c24 cm aTexto2rdacontent asin mediación2rdamedia avolumen2rdacarrier aÍndice aSoy Agatha Ruiz de la Prada, diseñadora, una de las musas de la Movida, marquesa de Castelldosríus, baronesa de Santa Pau y grande de España. Me encanta trabajar y hacer planes. Mi marca tiene éxito desde hace más de treinta años. Mis diseños se reconocen en todo el mundo y han desfilado en las mejores pasarelas. Creo que en casi todas las casas ha habido algún producto con un corazón fucsia o alguna flor creados por mí. Soy feminista. Fui una de las responsables para acabar con la ley que discriminaba a la mujer frente al varón en la sucesión de los títulos nobiliarios. Desde la cuna me he relacionado con el poder. En un momento dado salvé a un hombre del ostracismo social. Luego, me salvé a mí misma de vivir a la sombra por ser mujer y haber pasado de los cuarenta. Ahora, soy cualquier cosa menos una mujer invisible.  Esta es la historia que nunca conté…14aRuiz de la Prada, Ágatha,d1960-9234284 7aAutobiografías9226823 aNarváez, Pedro,d1964-9234285 aEs-MaACL9200564bR.154595jN-9354cDEPOJgDedicatoria autógrafa de la autorahDonación: Ágatha Ruiz de la PradaxEncuadernación rústica con solapas n0cMONOGRAFIA c193188d193188 00102udc40708LibrosdedicadosaATENEOMbATENEOMcDEPOJd2023-09-30eDONACIONj1l0oN-9354p101205859r2023-09-30 00:00:00yMONOGRAFIAzDedicatoria autógrafa de la autora